000 00222nam a22001097a 4500
100 _aStevenSou, Robert Louis
245 _aTreasure Island
250 _a2014
260 _bHeritage Pub.
300 _a32
942 _2ddc
_cBK
999 _c11489
_d11489